NEWSのメンバー - Statistics

General Stats
  • This quiz has been taken 91 times
  • The average score is 6 of 9
Answer Stats
脱退時期 名前 % Correct
2020年6月 手越祐也
96%
現存 加藤シゲアキ
87%
現存 小山慶一郎
84%
現存 増田貴久
83%
2011年10月 山下智久
79%
2011年10月 錦戸亮
77%
2005年7月 内博貴
43%
2003年12月 森内貴寛
39%
2006年1月 草野博紀
19%
No matching quizzes found
Score Distribution
Percent of People with Each Score
Percentile by Number Answered
Your Score History
You have not taken this quiz